| 000 | 00588nam a2200217Ia 4500 | ||
|---|---|---|---|
| 001 | 17121 | ||
| 003 | GE_BSU | ||
| 008 | 181216s||||||||xx |||||||||||||| ||und|| | ||
| 040 | _cGE_BSU | ||
| 080 | _a821.353.1-1 | ||
| 100 | _aგეგეჭკორი, გივი | ||
| 245 | _aმუჭანახევარი | ||
| 245 | _bლექსები | ||
| 260 | _aთბილისი | ||
| 260 | _bმერანი | ||
| 260 | _c1986 | ||
| 300 | _a126გვ. ; 126სმ | ||
| 653 | _aლექსები | ||
| 653 | _aმუჭანახევარი | ||
| 942 | _cBK | ||
| 999 |
_c50183 _d50183 |
||